Geography by Picture - V - Statistics

General Stats
  • This quiz has been taken 346 times
  • The average score is 13 of 18
Answer Stats
Picture Hint Answer % Correct
city Venice
98%
country Vatican City
97%
country Vietnam
94%
country Venezuela
89%
U.S. state Vermont
87%
U.S. state Virginia
86%
waterfall {Victoria} Falls
85%
landform Volcano
85%
capital city Vienna
80%
Russian river Volga
78%
palace Versailles
74%
mountain (in background) Vesuvius
67%
capital city Vaduz
53%
capital city Vientiane
48%
city Valencia
44%
capital city Valletta
42%
island Vancouver
37%
city Varanasi
23%
No matching quizzes found
Score Distribution
Percent of People with Each Score
Percentile by Number Answered
Your Score History
You have not taken this quiz